LEADER 01232nam a2200289 u 4500 001 000000072220 003 CaOOAMICUS 005 20070226122222.0 008 020612s1973 gw u000 u ger u 020 $a3466422027 035 $a10933133 040 $aPUL(R)$bita 100 1 $aHentig, Hans von,$d1887-$0(OLS)http://pul/name/47802 245 14$aDie Wiederherstellung der Politik :$bCuernavaca revisited /$cHartmut von Hentig. 260 $aStuttgart :$bKlett ;$aMünchen :$bKösel,$cc1973. 300 $a208 p. ;$c22 cm 504 $aBibliografia: p. 204-208. 650 4$aPsicologia industriale.$0(OLS)http://pul/subject/12212 650 4$aSociologia industriale.$0(OLS)http://pul/subject/19509 850 $aPUL 852 $aPUL$W1$xDP1 Cons. Gen., Altre Classi 1$y22$m845 C 60$j93447$nBK-PRI$b $qStampati$B93447$CPULBib$Z2$F93447 $H $81 941 1 $a8 961 $aINV: 63837 996 $6020$a3466422027$9(OLS)http://pul/number/93245 996 $6245$aDie Wiederherstellung der Politik :$bCuernavaca revisited$9(OLS)http://pul/title/95013 996 $6260$aStuttgart :$bKlett$9(OLS)http://pul/publisher/71385 996 $6260$aMünchen :$bKösel$9(OLS)http://pul/publisher/51630 LEADER 00955nam a2200241 u 4500 001 000000080987 003 CaOOAMICUS 005 20070226123715.0 008 050310s1958 fr a u000 u fre u 035 $a11033320 040 $aPUL(R)$bita 100 1 $aDo-Dinh, Pierre.$0(OLS)http://pul/name/54024 245 10$aConfucius et l'humanisme chinois /$cpar Pierre Do-Dinh. 260 $a[Bourges] :$bEditions du Seuil,$c[1958] 300 $a191 p. :$bill. ;$c18 cm 490 1 $aMaîtres spirituels ;$v14 650 4$aConfucio e confucianesimo.$0(OLS)http://pul/subject/22102 830 0$aMaîtres spirituels ;$v14.$0(OLS)http://pul/title/28616 850 $aPUL 852 $aPUL$W1$xDP1 Fondo Cecchetti$y53$m260 V 59$j103378$nBK-PRI$b $qFondi$B103378$CPULBib$Z2$F103378 $82 941 1 $a1 996 $6245$aConfucius et l'humanisme chinois$9(OLS)http://pul/title/106004 996 $6260$a[Bourges] :$bEditions du Seuil$9(OLS)http://pul/publisher/56604